Statistics for ICC T20 World Cup Champions

Click here to take the quiz!

General Stats

  • This quiz has been taken 465 times
    (339 since last reset)
  • The average score is 6 of 6

Answer Stats

Team% Correct
Australia
99%
England
97%
India
97%
Pakistan
90%
Sri Lanka
85%
West Indies
84%

Score Distribution

Percentile by Number Answered

Percent of People with Each Score

Your Score History

You have not taken this quiz since the last reset